| 000 | 01195nam a2200289 a 4500 | ||
|---|---|---|---|
| 999 |
_c1511 _d1511 |
||
| 003 | CoMeUDC | ||
| 005 | 20220330121641.0 | ||
| 008 | 970829s1996 ck gr 00010 spa d | ||
| 020 | _a9589502237 | ||
| 040 |
_aCO-BoUEC _cCO-UdeC |
||
| 043 | _as-ck--- | ||
| 082 | 0 | 4 |
_a346.5 _bC962 |
| 100 | 1 | _aCubides Camacho, Jorge | |
| 245 | 1 | 0 |
_aObligaciones / _cJorge Cubides Camacho ; edición, complementada y actualizada con la colaboración de Juanita Cubides Delgado. |
| 250 | _aCuarta edición, complementada y actualizada. | ||
| 260 |
_aSantafé de Bogotá : _bPontificia Universidad Javeriana, _c1999. |
||
| 300 |
_a566 p. ; _c24 cm. |
||
| 490 | 0 |
_aProfesores _v3 |
|
| 504 | _aIncluye bibliografía | ||
| 505 | 0 | _aEstructura y clasificación de las obligaciones -- Fuente de las obligaciones -- Efecto de las obligaciones -- Transmisión de las obligaciones -- Extinción de las obligaciones -- Prueba de las obligaciones. | |
| 650 | 1 | 4 |
_aObligaciones (Derecho) _zColombia |
| 650 | 1 | 4 |
_aObligaciones (Derecho) _zColombia _vFuentes |
| 650 | 1 | 4 |
_aPrueba (Derecho) _zColombia |
| 650 | 1 | 4 |
_aActos jurídicos _zColombia |
| 700 | 1 |
_aCubides Delgado, Juanita, _ecolaboradora |
|
| 942 |
_2ddc _cBK |
||